=LDR 00000nam 2200000 4500 =001 INLIS000000000011797 =005 20130612103336 =008 ***********************************Ind** =035 ##$$0010-061300000011797 =041 ##$$a Ind =082 ##$$a 350 =090 ##$$a 350, Sya s =100 ##$$a Syafiie, H.Inu Kencana =245 ##$$a Sistem Administrasi Negara Republik Indonesia[SANRI], Drs. H.Inu kencanaSyaffie, M.Si =260 ##$$a 2003 $b Jakarta =300 ##$$a viii, 172 hlm, 23 cm =650 ##$$a Administrasi Negara =850 ##$$a NBPNMAT =990 ##$$a 0001/BPAP-NTB/20142014 =990 ##$$a 0001/BPAP-NTB/2015